000
00344pab a2200145 454500
008
180718b2017 xxu||||| |||| 00| 0 eng d
100
_a
Leckey, Robert
245
_a
Review of comparative law
260
_c
2017
300
_a
p.3-24.
362
_a
Feb
650
_a
Comprative law
773
_a
Social and Legal Studies
909
_a
114335
999
_c
114329
_d
114329